Заседания Верховного Совета РСФСР Пятого созыва. Первая сессия (14-16 апреля 1959 г.): стенографический отчет

Opis bibliograficzny
organizacja autorów: Российская Федерация Верховный Совет, Верховный совет РСФСР заседание пятого созыва
Język:rosyjski
Wydane: Москва, 1959
Hasła przedmiotowe:
Format: MixedMaterials Książka
KOHA link:https://koha.lib.tpu.ru/cgi-bin/koha/opac-detail.pl?biblionumber=172483

MARC

LEADER 00000nam0a2200000 4500
001 172483
005 20231101223031.0
035 |a (RuTPU)RU\TPU\book\187049 
035 |a RU\TPU\book\187262 
035 |a RU\TPU\book\187260 
090 |a 172483 
100 |a 20091215d1959 k a0rusy50 ca 
101 0 |a rus 
102 |a RU 
105 |a y nz 100zy 
200 1 |a Заседания Верховного Совета РСФСР Пятого созыва. Первая сессия (14-16 апреля 1959 г.)  |e стенографический отчет  |f Российская Федерация, Верховный Совет 
210 |a Москва  |d 1959 
215 |a 283 с. 
610 1 |a Российская Федерация 
610 1 |a РСФСР 
610 1 |a заседания 
610 1 |a речи 
610 1 |a доклады 
610 1 |a законы 
610 1 |a постановления 
610 1 |a труды учёных ТПУ 
675 |a 35В  |v 3 
712 0 1 |a Российская Федерация  |b Верховный Совет  |2 stltpush  |3 (RuTPU)RU\TPU\col\14355  |9 25912 
712 1 2 |a Верховный совет РСФСР  |b заседание пятого созыва  |d 1 сессия  |e Москва  |f 1959 
801 1 |a RU  |b 63413507  |c 20091214 
801 2 |a RU  |b 63413507  |c 20091223  |g RCR 
942 |c BK